000 00577nam a22001577a 4500
005 20251108171004.0
008 250721s1974 xx 000 0 ara d
082 1 4 _a910.091/حسن
100 1 _aأبو العينين، حسن سيد أحمد
245 1 0 _aجغرافية العالم الإقليمية :
_bآسيا الموسمية و عالم المحيط الهادي /
264 1 _aالإسكندرية :
_bمؤسسة الثقافة الجامعية،
_c1974.
300 _aج
650 1 7 _aالجغرافيا الإقليمية
942 _2ddc
_cBK
999 _c53772
_d53772